[Event "4NCL Division 1b"]
[Site "Daventry, ENG"]
[Date "2018.11.11"]
[Round "2.62"]
[White "Hunt, Adam C"]
[Black "Roberson, Peter T"]
[Result "1/2-1/2"]
[WhiteElo "2401"]
[BlackElo "2403"]
[PlyCount "57"]
[EventDate "2018.11.11"]
[WhiteTeam "Blackthorne Russia"]
[BlackTeam "Grantham Sharks 1"]

1. e4 e6 2. d4 d5 3. Nc3 Bb4 4. e5 c5 5. a3 Ba5 6. b4 cxd4 7. Nb5 Bc7 8. f4 Bd7
9. Nf3 Bxb5 10. Bxb5+ Nc6 11. Nxd4 Nge7 12. O-O O-O 13. Nxc6 bxc6 14. Bd3 a5
15. Rb1 axb4 16. axb4 g6 17. Bd2 Bb6+ 18. Kh1 c5 19. bxc5 Bxc5 20. Qg4 Nf5 21.
Bxf5 exf5 22. Qf3 Qd7 23. Rfd1 Rfb8 24. Rxb8+ Rxb8 25. Be1 d4 26. Bf2 Qc7 27.
c3 dxc3 28. Qxc3 Bb6 29. Qxc7 1/2-1/2

[Event "4NCL Division 1b"]
[Site "Daventry, ENG"]
[Date "2018.11.11"]
[Round "2.63"]
[White "Rendle, Thomas E"]
[Black "Bates, Richard A"]
[Result "1/2-1/2"]
[WhiteElo "2373"]
[BlackElo "2378"]
[PlyCount "55"]
[EventDate "2018.11.11"]
[WhiteTeam "Grantham Sharks 1"]
[BlackTeam "Blackthorne Russia"]

1. e4 c5 2. Nf3 d6 3. Bb5+ Nd7 4. a4 Ngf6 5. Nc3 a6 6. Be2 e6 7. a5 Be7 8. O-O
O-O 9. d3 d5 10. exd5 Nxd5 11. Nxd5 exd5 12. d4 c4 13. b3 cxb3 14. c4 dxc4 15.
Bxc4 b5 16. Bd5 Ra7 17. Bxb3 Bb7 18. d5 Nf6 19. Qd4 Ra8 20. Rd1 Ne8 21. Ne5 Bf6
22. Ra2 Nd6 23. Qf4 Re8 24. Ng4 Bc3 25. Qf3 b4 26. Bf4 Nf5 27. Be3 Nxe3 28.
Nxe3 1/2-1/2

[Event "4NCL Division 1b"]
[Site "Daventry, ENG"]
[Date "2018.11.11"]
[Round "2.64"]
[White "Ledger, Andrew J"]
[Black "Daskalov, Dimitar"]
[Result "1/2-1/2"]
[WhiteElo "2348"]
[BlackElo "2330"]
[PlyCount "68"]
[EventDate "2018.11.11"]
[WhiteTeam "Blackthorne Russia"]
[BlackTeam "Grantham Sharks 1"]

1. d4 Nf6 2. c4 e5 3. dxe5 Ng4 4. Bf4 Bb4+ 5. Nd2 Qe7 6. Ngf3 Nc6 7. e3 Ngxe5
8. Nxe5 Nxe5 9. Be2 b6 10. O-O Bb7 11. Nb3 O-O-O 12. a3 Bc5 13. Nxc5 Qxc5 14.
b4 Qc6 15. f3 f6 16. c5 bxc5 17. Rc1 c4 18. Bxe5 fxe5 19. Rxc4 Qb6 20. Rc3 d5
21. Rc5 d4 22. Qb3 Kb8 23. Rfc1 Qh6 24. Rxe5 d3 25. Bf1 Rd5 26. Qc3 d2 27. Rd1
Rxe5 28. Qxe5 Rd8 29. Qc3 Qd6 30. Kf2 g5 31. Qd4 Qf8 32. Qc3 Qd6 33. Qd4 Qf8
34. Qc3 Qd6 1/2-1/2

[Event "4NCL Division 1b"]
[Site "Daventry, ENG"]
[Date "2018.11.11"]
[Round "2.65"]
[White "Holland, James P"]
[Black "Ansell, Simon T"]
[Result "1/2-1/2"]
[WhiteElo "2260"]
[BlackElo "2336"]
[PlyCount "89"]
[EventDate "2018.11.11"]
[WhiteTeam "Grantham Sharks 1"]
[BlackTeam "Blackthorne Russia"]

1. e4 c5 2. Nf3 Nc6 3. Bb5 g6 4. O-O Bg7 5. Re1 e5 6. d3 Nge7 7. Be3 d6 8. c3
O-O 9. Nh4 Be6 10. Qc1 Rc8 11. Nd2 h6 12. g3 g5 13. Ng2 Nd4 14. Bc4 d5 15. exd5
Nxd5 16. a4 Nf5 17. Ne4 Nfxe3 18. fxe3 f5 19. Nf2 Nc7 20. e4 f4 21. g4 Qd7 22.
h3 Qf7 23. b3 b6 24. Rf1 a6 25. Ne1 b5 26. axb5 axb5 27. Bxe6 Nxe6 28. Nf3 Qb7
29. Qb2 Rfd8 30. Ra5 Ra8 31. Rfa1 Rxa5 32. Rxa5 Ra8 33. Qa2 Rxa5 34. Qxa5 Bf6
35. Qa2 Kf7 36. Nd1 Qd7 37. Nf2 Qb7 38. Kf1 Ke7 39. Ke2 Qb6 40. Nd1 Qb7 41. b4
Qb6 42. bxc5 Qxc5 43. Qa8 Nd8 44. Qb8 Kf7 45. Kd2 1/2-1/2

[Event "4NCL Division 1b"]
[Site "Daventry, ENG"]
[Date "2018.11.11"]
[Round "2.66"]
[White "Ledger, Dave J"]
[Black "Makkar, Rajat"]
[Result "1-0"]
[WhiteElo "2237"]
[BlackElo "2173"]
[PlyCount "59"]
[EventDate "2018.11.11"]
[WhiteTeam "Blackthorne Russia"]
[BlackTeam "Grantham Sharks 1"]

1. e4 c6 2. d4 d5 3. e5 Bf5 4. Nf3 e6 5. Be2 Ne7 6. O-O Ng6 7. Be3 Nd7 8. Nbd2
f6 9. exf6 Qxf6 10. Bg5 Qf7 11. Nh4 Bd6 12. g4 Nxh4 13. Bxh4 Qg6 14. Rc1 h5 15.
Bg3 Bxg4 16. Bxg4 Bxg3 17. fxg3 hxg4 18. Rf4 Nf6 19. Qe2 Kd7 20. Re1 Rhe8 21.
Nb3 b6 22. Nc1 e5 23. dxe5 Ne4 24. c4 Rxe5 25. cxd5 cxd5 26. Qa6 Kc7 27. Nd3
Re7 28. Rc1+ Kd6 29. Qa3+ Kd7 30. Rc7+ 1-0

[Event "4NCL Division 1b"]
[Site "Daventry, ENG"]
[Date "2018.11.11"]
[Round "2.67"]
[White "Head, Louise"]
[Black "Ledger, Stephen C"]
[Result "1-0"]
[WhiteElo "2237"]
[BlackElo "2095"]
[PlyCount "121"]
[EventDate "2018.11.11"]
[WhiteTeam "Grantham Sharks 1"]
[BlackTeam "Blackthorne Russia"]

1. d4 Nf6 2. c4 c5 3. d5 b5 4. cxb5 a6 5. b6 e6 6. Nc3 Nxd5 7. Nxd5 exd5 8.
Qxd5 Nc6 9. Nf3 Rb8 10. e4 Be7 11. Bc4 O-O 12. Bd2 Rxb6 13. Bc3 d6 14. Qd3 Bf6
15. O-O Bxc3 16. Qxc3 Qe7 17. Rfe1 Bg4 18. Nd2 Nd4 19. Nb3 Nb5 20. Qe3 Be6 21.
Bxe6 Qxe6 22. e5 Qxe5 23. Qxe5 dxe5 24. Rxe5 Nd4 25. Nxd4 cxd4 26. b3 Rd8 27.
Kf1 f6 28. Re4 Rc6 29. Rd1 Rc2 30. Re2 Rc5 31. Ke1 Kf7 32. Red2 Re5+ 33. Kf1
Red5 34. Ke2 Ke6 35. Kd3 Rc5 36. Rc2 Rxc2 37. Kxc2 Rd5 38. Kd3 Rg5 39. g3 Kd5
40. Rc1 Rf5 41. f4 Rh5 42. Rc2 Rh3 43. b4 h5 44. Rc5+ Kd6 45. Ra5 Rxh2 46.
Rxa6+ Kd5 47. Ra5+ Kc6 48. Kxd4 h4 49. gxh4 Rxh4 50. Ke3 Kb6 51. a3 g6 52. a4
Rh3+ 53. Ke4 Rb3 54. Rb5+ Kc6 55. Rc5+ Kd6 56. Rd5+ Ke6 57. Rb5 f5+ 58. Kd4 Rf3
59. Rb6+ Kd7 60. Ke5 Re3+ 61. Kf6 1-0

[Event "4NCL Division 1b"]
[Site "Daventry, ENG"]
[Date "2018.11.11"]
[Round "2.71"]
[White "Gordon, Stephen J"]
[Black "Ris, Robert"]
[Result "0-1"]
[WhiteElo "2544"]
[BlackElo "2450"]
[PlyCount "65"]
[EventDate "2018.11.11"]
[WhiteTeam "3Cs 1"]
[BlackTeam "Guildford 2"]

1. Nf3 Nf6 2. c4 e6 3. b3 d5 4. Bb2 c5 5. e3 Nc6 6. cxd5 exd5 7. Be2 Bd6 8. O-O
O-O 9. d4 cxd4 10. Nxd4 Qe7 11. Nd2 Rd8 12. Qc2 Bd7 13. Rad1 Rac8 14. Qb1 Bb8
15. N2f3 Ne4 16. Qa1 Bg4 17. g3 Bh3 18. Rfe1 Re8 19. Bf1 Bg4 20. Rc1 Nxd4 21.
Nxd4 Qf6 22. f4 Qg6 23. Be2 Bh3 24. Bf3 Nxg3 25. hxg3 Qxg3+ 26. Kh1 Rxc1 27.
Qxc1 Bxf4 28. Re2 Bg2+ 29. Rxg2 Qh3+ 30. Kg1 Bxe3+ 31. Qxe3 Re6 32. Qe5 Rxe5
33. Be4 0-1

[Event "4NCL Division 1b"]
[Site "Daventry, ENG"]
[Date "2018.11.11"]
[Round "2.72"]
[White "Suarez Real, Alberto"]
[Black "Guichard, Pauline"]
[Result "1-0"]
[WhiteElo "2438"]
[BlackElo "2382"]
[PlyCount "69"]
[EventDate "2018.11.11"]
[WhiteTeam "Guildford 2"]
[BlackTeam "3Cs 1"]

1. e4 e5 2. Nf3 Nc6 3. d4 exd4 4. Nxd4 Nf6 5. Nxc6 bxc6 6. e5 Qe7 7. Qe2 Nd5 8.
h4 d6 9. c4 Nb6 10. exd6 cxd6 11. Be3 Bf5 12. Nd2 Qe6 13. Nf3 c5 14. Ng5 Qe5
15. g4 Bd7 16. Bg2 Rb8 17. f4 Qe7 18. O-O-O h6 19. Ne4 Qe6 20. b3 Be7 21. Qd3
O-O 22. f5 Qe5 23. Qc3 Qxc3+ 24. Nxc3 h5 25. gxh5 Bxf5 26. h6 Rfe8 27. Bf4 Bf6
28. Nd5 Bd4 29. Bxd6 Nxd5 30. Bxd5 Re2 31. Rxd4 cxd4 32. Bxb8 Rc2+ 33. Kd1 d3
34. Rg1 Bg6 35. Rxg6 1-0

[Event "4NCL Division 1b"]
[Site "Daventry, ENG"]
[Date "2018.11.11"]
[Round "2.73"]
[White "Ashton, Adam G"]
[Black "Wadsworth, Matthew J"]
[Result "0-1"]
[WhiteElo "2332"]
[BlackElo "2350"]
[PlyCount "72"]
[EventDate "2018.11.11"]
[WhiteTeam "3Cs 1"]
[BlackTeam "Guildford 2"]

1. e4 c5 2. Nf3 e6 3. g3 Nc6 4. Bg2 Nf6 5. Qe2 d6 6. O-O e5 7. c3 Be7 8. Rd1
Bg4 9. h3 Bxf3 10. Qxf3 h5 11. Na3 h4 12. Nc2 Nh7 13. d4 cxd4 14. cxd4 Ng5 15.
Qg4 hxg3 16. f4 exf4 17. Bxf4 Qd7 18. Qxd7+ Kxd7 19. Bxg3 Nxh3+ 20. Kf1 Bg5 21.
Bf3 Rae8 22. e5 f5 23. e6+ Ke7 24. Rd3 Bf4 25. Bxf4 Nxf4 26. Rb3 Nd8 27. d5 g5
28. Nd4 Kf6 29. Nb5 g4 30. Bg2 Rh2 31. Nxd6 Reh8 32. Rg3 Rxg2 33. Rxg2 Nxd5 34.
Re1 Nxe6 35. Nxb7 Nef4 36. Rg1 Rh2 0-1

[Event "4NCL Division 1b"]
[Site "Daventry, ENG"]
[Date "2018.11.11"]
[Round "2.75"]
[White "Touzane, Olivier"]
[Black "Kilpatrick, Callum"]
[Result "1/2-1/2"]
[WhiteElo "2297"]
[BlackElo "2353"]
[PlyCount "120"]
[EventDate "2018.11.11"]
[WhiteTeam "3Cs 1"]
[BlackTeam "Guildford 2"]

1. d4 Nf6 2. Bf4 c5 3. d5 d6 4. Nc3 g6 5. e4 Bg7 6. Qd2 Qb6 7. Bb5+ Bd7 8. a4
a6 9. Bxd7+ Nbxd7 10. Nge2 O-O 11. O-O Rfe8 12. Kh1 e6 13. dxe6 Rxe6 14. f3 Ne5
15. b3 Qa5 16. Bh6 Nc6 17. Bxg7 Kxg7 18. Rfd1 Rd8 19. Qc1 d5 20. exd5 Nxd5 21.
Qb2 Nxc3 22. Nxc3 Rxd1+ 23. Rxd1 Nd4 24. Ne4 f5 25. c3 Nc6 26. b4 cxb4 27.
cxb4+ Qe5 28. Qxe5+ Rxe5 29. Nc5 b5 30. Nxa6 bxa4 31. h4 Rb5 32. Ra1 Nxb4 33.
Rxa4 Nd5 34. Rc4 Rb2 35. Rd4 Ne3 36. g4 Rf2 37. Rd7+ Kg8 38. Rd8+ Kf7 39. Rd7+
Kf6 40. Rxh7 Ke5 41. gxf5 Kf4 42. Rg7 Kg3 43. Rxg6+ Kh3 44. Nc5 Rf1+ 45. Rg1
Rxf3 46. Ne4 Kxh4 47. Re1 Nxf5 48. Kg2 Ra3 49. Rh1+ Kg4 50. Nf2+ Kf4 51. Nh3+
Ke3 52. Re1+ Kd2 53. Re8 Rg3+ 54. Kh2 Rg4 55. Nf2 Rg7 56. Nh3 Nd4 57. Nf4 Rg4
58. Ng2 Ne2 59. Rd8+ Rd4 60. Rxd4+ Nxd4 1/2-1/2

[Event "4NCL Division 1b"]
[Site "Daventry, ENG"]
[Date "2018.11.11"]
[Round "2.76"]
[White "Golding, Alex"]
[Black "Bentley, John L"]
[Result "1-0"]
[WhiteElo "2263"]
[BlackElo "2135"]
[PlyCount "89"]
[EventDate "2018.11.11"]
[WhiteTeam "Guildford 2"]
[BlackTeam "3Cs 1"]

1. d4 Nf6 2. Nf3 g6 3. c4 Bg7 4. Nc3 O-O 5. Bg5 d6 6. e4 Na6 7. Be2 h6 8. Bh4
Qe8 9. Qd2 c6 10. h3 Nc7 11. O-O Kh7 12. e5 dxe5 13. Nxe5 Nd7 14. Bg3 Nxe5 15.
dxe5 Bf5 16. Qe3 h5 17. Bh2 Bh6 18. f4 Qc8 19. Rad1 Rg8 20. Kh1 b6 21. Qf3 Bd7
22. Bd3 Ne6 23. Qxh5 Nc5 24. Bc2 Bf5 25. Bxf5 Qxf5 26. Qe2 Rad8 27. g4 Qc8 28.
Bg1 Ne6 29. Be3 Rxd1 30. Qxd1 Rd8 31. Qe2 Qd7 32. f5 Nd4 33. Bxd4 Qxd4 34. Rd1
Bd2 35. Nb1 Qxb2 36. Nxd2 Qc2 37. e6 f6 38. fxg6+ Kg7 39. h4 Rd3 40. h5 Rh3+
41. Kg2 Rd3 42. g5 f5 43. h6+ Kxg6 44. h7 Rd8 45. Kf2 1-0

[Event "4NCL Division 1b"]
[Site "Daventry, ENG"]
[Date "2018.11.11"]
[Round "2.77"]
[White "Walton, Alan J"]
[Black "Povah, Nigel E"]
[Result "1/2-1/2"]
[WhiteElo "2140"]
[BlackElo "2326"]
[PlyCount "66"]
[EventDate "2018.11.11"]
[WhiteTeam "3Cs 1"]
[BlackTeam "Guildford 2"]

1. d4 Nf6 2. Bg5 Ne4 3. Bf4 c5 4. f3 Qa5+ 5. c3 Nf6 6. Nd2 cxd4 7. Nb3 Qb6 8.
Qxd4 Nc6 9. Qxb6 axb6 10. Nd4 e5 11. Nxc6 exf4 12. Nd4 Nd5 13. e4 fxe3 14. Bc4
Nc7 15. Ke2 Bc5 16. Kxe3 b5 17. Bb3 b4 18. cxb4 Bxb4 19. Nge2 b6 20. a3 Bc5 21.
Kd2 Ba6 22. Rac1 Ne6 23. Nf5 O-O 24. Bc4 Bxc4 25. Rxc4 d5 26. Rc2 g6 27. Ne3
Rfe8 28. Ng4 Kg7 29. Ne5 Ra7 30. Nd3 Rae7 31. Kc1 Be3+ 32. Kb1 Nc5 33. Rd1 Rd7
1/2-1/2

[Event "4NCL Division 1b"]
[Site "Daventry, ENG"]
[Date "2018.11.11"]
[Round "2.78"]
[White "Ciuksyte, Dagne"]
[Black "Adams, Philip"]
[Result "1-0"]
[WhiteElo "2303"]
[BlackElo "2095"]
[PlyCount "77"]
[EventDate "2018.11.11"]
[WhiteTeam "Guildford 2"]
[BlackTeam "3Cs 1"]

1. e4 c5 2. Nf3 Nc6 3. d4 cxd4 4. Nxd4 Nf6 5. Nc3 e5 6. Ndb5 d6 7. Bg5 a6 8.
Bxf6 gxf6 9. Na3 b5 10. Nd5 f5 11. exf5 Bxf5 12. c3 Bg7 13. Nc2 Be6 14. Nce3
Ne7 15. g3 Nxd5 16. Nxd5 O-O 17. Bg2 a5 18. O-O Rb8 19. Qh5 f5 20. Rad1 Qd7 21.
Rd2 Qf7 22. Qd1 Kh8 23. Kh1 Rfc8 24. f4 e4 25. g4 b4 26. Ne3 bxc3 27. bxc3 Rxc3
28. Nxf5 Bxf5 29. gxf5 Qxf5 30. Rd5 Qc8 31. Bxe4 Rc4 32. Bd3 Rc5 33. Qh5 h6 34.
Qg6 Kg8 35. Rg1 Rb7 36. Rxc5 dxc5 37. Qxh6 Re7 38. Rxg7+ Rxg7 39. Bc4+ 1-0

[Event "4NCL Division 1b"]
[Site "Daventry, ENG"]
[Date "2018.11.11"]
[Round "2.81"]
[White "Howell, David W L"]
[Black "Cooper, Lawrence H"]
[Result "1-0"]
[WhiteElo "2697"]
[BlackElo "2335"]
[PlyCount "121"]
[EventDate "2018.11.11"]
[WhiteTeam "Cheddleton 1"]
[BlackTeam "Wood Green Monarchs"]

1. Nf3 d5 2. e3 Nf6 3. c4 c6 4. Nc3 g6 5. d4 Bg7 6. Bd3 O-O 7. O-O dxc4 8. Bxc4
Bg4 9. h3 Bxf3 10. Qxf3 Nbd7 11. Rd1 e5 12. d5 e4 13. Nxe4 Ne5 14. Nxf6+ Bxf6
15. Qe2 Nxc4 16. Qxc4 cxd5 17. Rxd5 Qb6 18. Rb5 Qd6 19. e4 Qd1+ 20. Qf1 Qc2 21.
e5 a6 22. Rxb7 Bxe5 23. Bh6 Bxb2 24. Qb1 Qxb1+ 25. Rxb1 Bg7 26. Be3 Rfd8 27. g4
Bd4 28. Bg5 Rd5 29. Bh6 Rad8 30. R1b3 Bg7 31. Be3 Bd4 32. Bf4 h5 33. Ra3 hxg4
34. hxg4 Rb5 35. Rc7 Be5 36. Bxe5 Rxe5 37. Kg2 Rd4 38. Kg3 Rg5 39. f3 a5 40.
Ra7 Kg7 41. R3xa5 Rxa5 42. Rxa5 Kf6 43. a4 Rb4 44. g5+ Kg7 45. Kf2 Rb3 46. Rb5
Ra3 47. Rb4 f6 48. f4 fxg5 49. fxg5 Kf7 50. Re4 Ra2+ 51. Ke3 Ra1 52. Kd3 Rc1
53. Re5 Ra1 54. a5 Ra4 55. Kc3 Rf4 56. Kb3 Rf1 57. Kb4 Ra1 58. Kb5 Rb1+ 59. Kc6
Ra1 60. Kb6 Rb1+ 61. Rb5 1-0

[Event "4NCL Division 1b"]
[Site "Daventry, ENG"]
[Date "2018.11.11"]
[Round "2.82"]
[White "Stewart, Ashley"]
[Black "Hawkins, Jonathan"]
[Result "0-1"]
[WhiteElo "2230"]
[BlackElo "2579"]
[PlyCount "68"]
[EventDate "2018.11.11"]
[WhiteTeam "Wood Green Monarchs"]
[BlackTeam "Cheddleton 1"]

1. c4 f5 2. g3 Nf6 3. Bg2 g6 4. Nc3 Bg7 5. e3 d6 6. Nge2 O-O 7. b3 e5 8. Bb2
Nc6 9. d3 Nh5 10. f4 exf4 11. exf4 Nd4 12. Qd2 c6 13. O-O-O Bd7 14. Rhe1 a5 15.
Na4 Nxe2+ 16. Rxe2 Rb8 17. Rde1 b5 18. cxb5 cxb5 19. Bd5+ Kh8 20. Bxg7+ Nxg7
21. Re7 Re8 22. Rxe8+ Bxe8 23. Nb2 a4 24. Qb4 Rc8+ 25. Kb1 Qc7 26. a3 Qc2+ 27.
Ka2 Qc5 28. Qxc5 Rxc5 29. Bf3 Bf7 30. Bd1 Rc1 31. Re7 Bg8 32. Rb7 Ne6 33. Rxb5
Nc5 34. Nxa4 Nxa4 0-1

[Event "4NCL Division 1b"]
[Site "Daventry, ENG"]
[Date "2018.11.11"]
[Round "2.83"]
[White "Fodor, Tamas Jr"]
[Black "Willow, Jonah B"]
[Result "1-0"]
[WhiteElo "2520"]
[BlackElo "2224"]
[PlyCount "69"]
[EventDate "2018.11.11"]
[WhiteTeam "Cheddleton 1"]
[BlackTeam "Wood Green Monarchs"]

1. d4 Nf6 2. Nc3 c5 3. d5 d6 4. e4 a6 5. a4 e6 6. Nf3 exd5 7. exd5 Bg4 8. h3
Bxf3 9. Qxf3 Be7 10. Be2 O-O 11. O-O Nbd7 12. Bf4 Re8 13. Rfe1 Bf8 14. g4 Ne5
15. Qg3 Ng6 16. Bg5 Be7 17. Bf1 Qd7 18. Bd2 h6 19. f4 Nh7 20. Bd3 Bh4 21. Rxe8+
Rxe8 22. Qf3 Bf6 23. a5 Nhf8 24. Kh1 Qc7 25. Ra4 Nd7 26. Ne4 b5 27. axb6 Nxb6
28. Rxa6 Nh4 29. Qf2 Bd4 30. Qxh4 c4 31. Qe1 Nxd5 32. Bf1 Qb7 33. Rxd6 Ne3 34.
Rxd4 Nxc2 35. Bg2 1-0

[Event "4NCL Division 1b"]
[Site "Daventry, ENG"]
[Date "2018.11.11"]
[Round "2.84"]
[White "Sygnowski, Tomasz"]
[Black "Arkell, Keith C"]
[Result "0-1"]
[WhiteElo "2245"]
[BlackElo "2443"]
[PlyCount "74"]
[EventDate "2018.11.11"]
[WhiteTeam "Wood Green Monarchs"]
[BlackTeam "Cheddleton 1"]

1. e4 c6 2. d4 d5 3. exd5 cxd5 4. Bd3 Nc6 5. c3 Nf6 6. Nf3 Bg4 7. O-O e6 8. Bg5
Be7 9. Nbd2 a6 10. Qb3 O-O 11. Rae1 Bxf3 12. Nxf3 b5 13. Ne5 Nxe5 14. Rxe5 Ng4
15. Bxe7 Qxe7 16. Re2 Qd6 17. f4 f5 18. a4 Rab8 19. axb5 axb5 20. Qb4 Qxb4 21.
cxb4 Rb6 22. Ra1 Rc8 23. Ree1 Nf6 24. Ra5 Ne4 25. Rea1 Kf7 26. h3 Kf6 27. Ra7
Rbc6 28. g4 Rc1+ 29. Kg2 fxg4 30. hxg4 g5 31. Rxc1 Rxc1 32. Rxh7 gxf4 33. Rh6+
Kg7 34. Rh5 Rd1 35. Bxb5 Rd2+ 36. Kg1 f3 37. Rh2 f2+ 0-1

[Event "4NCL Division 1b"]
[Site "Daventry, ENG"]
[Date "2018.11.11"]
[Round "2.85"]
[White "Kirk, Ezra"]
[Black "Stepanyan, Henrik"]
[Result "1-0"]
[WhiteElo "2439"]
[BlackElo "2275"]
[PlyCount "139"]
[EventDate "2018.11.11"]
[WhiteTeam "Cheddleton 1"]
[BlackTeam "Wood Green Monarchs"]

1. b3 a5 2. c4 e5 3. Bb2 d6 4. Nf3 g6 5. e3 Bg7 6. d4 Nd7 7. Nc3 exd4 8. Nd5
Ngf6 9. Qxd4 O-O 10. Rd1 Re8 11. Be2 Ne5 12. Nxf6+ Qxf6 13. Nxe5 Qxe5 14. O-O
a4 15. b4 a3 16. Ba1 Qxd4 17. Bxd4 Ra4 18. Bxg7 Kxg7 19. Rb1 Bf5 20. Bd1 Bxb1
21. Bxa4 Ra8 22. Bb3 Bf5 23. Rc1 Be6 24. Rc3 c5 25. b5 f5 26. Kf1 Kf6 27. Ke1
b6 28. Kd2 Bc8 29. Rd3 Ke6 30. Kc3 Bb7 31. f3 Rd8 32. Rd2 Ke5 33. f4+ Ke6 34.
Bd1 Kd7 35. Bf3 Bxf3 36. gxf3 Re8 37. Rd3 Ke6 38. Kb3 Ra8 39. h4 h5 40. Rd5 Ra7
41. Rd2 Ra8 42. Rg2 Kf6 43. e4 fxe4 44. fxe4 Re8 45. Re2 Ra8 46. Re1 Ra7 47.
Rd1 Ke6 48. f5+ gxf5 49. exf5+ Kxf5 50. Rxd6 Rb7 51. Kxa3 Kg4 52. Kb3 Kxh4 53.
Rg6 Rf7 54. Rxb6 Rf3+ 55. Ka4 Rc3 56. Rg6 Rxc4+ 57. Ka5 Rc2 58. a4 c4 59. b6 c3
60. Ka6 Rb2 61. Rc6 c2 62. b7 Kg4 63. Rc4+ Kf3 64. Rxc2 Rxc2 65. b8=Q Rg2 66.
Qb7+ Kg3 67. Qg7+ Kh3 68. Qd7+ Kg3 69. Qd6+ Kh3 70. Qd3+ 1-0

[Event "4NCL Division 1b"]
[Site "Daventry, ENG"]
[Date "2018.11.11"]
[Round "2.86"]
[White "Serbanescu, Diana-Maria"]
[Black "Eggleston, David J"]
[Result "1/2-1/2"]
[WhiteElo "2000"]
[BlackElo "2408"]
[PlyCount "122"]
[EventDate "2018.11.11"]
[WhiteTeam "Wood Green Monarchs"]
[BlackTeam "Cheddleton 1"]

1. e4 e6 2. d4 d5 3. Nc3 Nf6 4. e5 Nfd7 5. f4 c5 6. Nf3 Nc6 7. Be3 Be7 8. Qd2
O-O 9. Be2 a6 10. O-O b5 11. Nd1 b4 12. Nf2 a5 13. Bb5 Qb6 14. Bxc6 Qxc6 15.
dxc5 Nxc5 16. Nd4 Qc7 17. a4 Bd7 18. b3 f6 19. Nf3 Be8 20. Rfe1 Bg6 21. Rac1
Rad8 22. Nd4 Rde8 23. Nb5 Qd7 24. Bd4 Rc8 25. Qe3 fxe5 26. Bxe5 Ne4 27. Nd3 Kh8
28. Kh1 Bh4 29. Rf1 Bd8 30. Bd4 Bf6 31. Ne5 Qe8 32. Bb6 Bxe5 33. fxe5 Rxf1+ 34.
Rxf1 Rxc2 35. Nc7 Qe7 36. Nxe6 Rc8 37. Nf4 Re8 38. Qh3 Kg8 39. Nxd5 Qxe5 40.
Nc7 Nf2+ 41. Bxf2 Qxc7 42. Bd4 Qd6 43. Bg1 Qd5 44. Qg3 Qd3 45. Qxd3 Bxd3 46.
Rf3 Bc2 47. h3 Re1 48. Kh2 Rb1 49. Bb6 Bxb3 50. Bxa5 Bc2 51. Rf4 b3 52. Bc3 Rd1
53. a5 Rd3 54. Bb2 Rd6 55. Ba3 Rd8 56. a6 Ra8 57. a7 h6 58. Rf8+ Rxf8 59. Bxf8
Be4 60. Ba3 Kf7 61. Kg3 Ke6 1/2-1/2

[Event "4NCL Division 1b"]
[Site "Daventry, ENG"]
[Date "2018.11.11"]
[Round "2.87"]
[White "Connell, Blair N"]
[Black "Guha, Chirag"]
[Result "1-0"]
[WhiteElo "2246"]
[BlackElo "2012"]
[PlyCount "125"]
[EventDate "2018.11.11"]
[WhiteTeam "Cheddleton 1"]
[BlackTeam "Wood Green Monarchs"]

1. d4 d5 2. Nc3 Nf6 3. Bf4 e6 4. e3 c5 5. Nf3 Bd6 6. dxc5 Bxc5 7. Bd3 O-O 8.
O-O Nc6 9. e4 dxe4 10. Nxe4 Be7 11. Qe2 Nd5 12. Bc1 Qc7 13. Rd1 Nf4 14. Bxf4
Qxf4 15. Ned2 e5 16. Qe4 Qxe4 17. Bxe4 Bf6 18. Bxc6 bxc6 19. Ne4 Be6 20. Nxf6+
gxf6 21. Rd6 Rac8 22. Rad1 Rfe8 23. Nd2 Kf8 24. Ne4 Ke7 25. Nc5 Bf5 26. c3 Rg8
27. f3 h5 28. g3 Rh8 29. Kf2 Rhg8 30. Ke3 Rb8 31. b3 Rbc8 32. b4 Rh8 33. a4 Rc7
34. a5 Rcc8 35. R6d2 Rc7 36. Kf2 Rg8 37. Re1 Rd8 38. Rxd8 Kxd8 39. Rd1+ Ke7 40.
Ke3 Rc8 41. Rd2 Rc7 42. Ke2 Rc8 43. Kd1 Be6 44. Kc2 Bd5 45. c4 Be6 46. Kc3 h4
47. Nxe6 Kxe6 48. gxh4 Rh8 49. b5 cxb5 50. cxb5 Rxh4 51. b6 axb6 52. axb6 Rh8
53. b7 Rb8 54. Rb2 Kf5 55. Rb4 Kg5 56. Kd3 f5 57. f4+ exf4 58. Ke2 Kg4 59. Kf2
Kh3 60. Kf3 Kxh2 61. Rb2+ Kh3 62. Kxf4 Kh4 63. Rh2# 1-0

[Event "4NCL Division 1b"]
[Site "Daventry, ENG"]
[Date "2018.11.11"]
[Round "2.88"]
[White "Woodhouse, Stephen V"]
[Black "Stoeri, Laura"]
[Result "1/2-1/2"]
[WhiteElo "1863"]
[BlackElo "2113"]
[PlyCount "62"]
[EventDate "2018.11.11"]
[WhiteTeam "Wood Green Monarchs"]
[BlackTeam "Cheddleton 1"]

1. e4 e5 2. Nf3 Nc6 3. d4 exd4 4. Nxd4 Nf6 5. Nc3 Bb4 6. Nxc6 bxc6 7. Bd3 d5 8.
exd5 cxd5 9. O-O O-O 10. Bg5 c6 11. Qf3 Be7 12. Rae1 Re8 13. h3 Be6 14. Ne2 c5
15. Bf5 Ne4 16. Bc1 Bd6 17. Bxe6 fxe6 18. Nc3 Nxc3 19. Qxc3 Qh4 20. b3 Re7 21.
Qe3 Rf8 22. Qg5 Qd4 23. Qg4 Bf4 24. Be3 Bxe3 25. Rxe3 Rf4 26. Qe2 Qf6 27. Re1
Kf7 28. Qh5+ Kg8 29. Qe2 Kf7 30. Qh5+ Kf8 31. Qe2 Kf7 1/2-1/2

[Event "4NCL Division 1b"]
[Site "Daventry, ENG"]
[Date "2019.01.12"]
[Round "3.51"]
[White "Zhou, Yang-Fan"]
[Black "Erdos, Viktor"]
[Result "1/2-1/2"]
[WhiteElo "2432"]
[BlackElo "2610"]
[PlyCount "42"]
[EventDate "2019.01.12"]
[WhiteTeam "Guildford 2"]
[BlackTeam "Chess.com Manx Liberty 1"]

1. e4 e5 2. Nf3 Nc6 3. c3 Nf6 4. d4 exd4 5. e5 Nd5 6. cxd4 Bb4+ 7. Nbd2 d6 8.
Bb5 Nde7 9. O-O dxe5 10. dxe5 O-O 11. h3 a6 12. Ba4 Bf5 13. a3 Bc5 14. Re1 h6
15. Bc2 Ba7 16. Be4 Bxe4 17. Rxe4 Qd3 18. b4 Nd4 19. Ne1 Qb5 20. Ndf3 Ne6 21.
Qc2 Rad8 1/2-1/2

[Event "4NCL Division 1b"]
[Site "Daventry, ENG"]
[Date "2019.01.12"]
[Round "3.52"]
[White "Lupulescu, Constantin"]
[Black "Ris, Robert"]
[Result "1-0"]
[WhiteElo "2608"]
[BlackElo "2451"]
[PlyCount "81"]
[EventDate "2019.01.12"]
[WhiteTeam "Chess.com Manx Liberty 1"]
[BlackTeam "Guildford 2"]

1. e4 c5 2. Nf3 Nc6 3. Bb5 g6 4. O-O Bg7 5. Nc3 e5 6. a3 Nge7 7. b4 b6 8. bxc5
bxc5 9. d3 O-O 10. Bg5 Qc7 11. Bxc6 Nxc6 12. Nd5 Qa5 13. Nf6+ Kh8 14. Nd2 Nd4
15. Nd5 Bb7 16. Be7 Rfe8 17. Nc4 Qa4 18. Bxc5 Bxd5 19. exd5 Qxc2 20. Bxd4 Qxd1
21. Rfxd1 exd4 22. Nd6 Re7 23. Rab1 Kg8 24. Nc4 d6 25. g3 Rc8 26. Rb5 Rc5 27.
Rxc5 dxc5 28. Rb1 Rd7 29. Rb8+ Bf8 30. a4 f6 31. a5 Kf7 32. a6 Ke7 33. Ra8 h5
34. f4 Kf7 35. Kf2 Be7 36. Kf3 Bd8 37. h3 Ke7 38. g4 hxg4+ 39. hxg4 Bb6 40. f5
gxf5 41. gxf5 1-0

[Event "4NCL Division 1b"]
[Site "Daventry, ENG"]
[Date "2019.01.12"]
[Round "3.53"]
[White "Suarez Real, Alberto"]
[Black "Parligras, Mircea-Emilian"]
[Result "0-1"]
[WhiteElo "2446"]
[BlackElo "2651"]
[PlyCount "124"]
[EventDate "2019.01.12"]
[WhiteTeam "Guildford 2"]
[BlackTeam "Chess.com Manx Liberty 1"]

1. e4 c5 2. Nf3 e6 3. d4 cxd4 4. Nxd4 Nc6 5. Nc3 a6 6. Nxc6 bxc6 7. Bd3 d5 8.
O-O Nf6 9. Re1 Be7 10. e5 Nd7 11. Qg4 Kf8 12. Na4 Qa5 13. Bg5 Bxg5 14. Qxg5 Bb7
15. b3 c5 16. c4 d4 17. Be4 Bxe4 18. Rxe4 h6 19. Qf4 g6 20. Rd1 Rb8 21. h4 h5
22. Rd3 Qd8 23. Rg3 Kg7 24. Rg5 Qa5 25. Qf3 Rh7 26. Kh2 Qd2 27. Re2 Qb4 28. Re4
Qd2 29. Re2 Qb4 30. Qc6 Qb7 31. Qd6 Rc8 32. Qe7 Kh8 33. Rg3 Qc7 34. Qg5 a5 35.
Kg1 Kg8 36. Re4 Qd8 37. Qd2 Qc7 38. Qg5 Qd8 39. Qd2 Qc7 40. Rg5 Qb7 41. Qe2 Kg7
42. Rf4 Rh6 43. Rf3 Nf8 44. Qd2 Qc7 45. Qf4 Rh7 46. Nb2 Kg8 47. Nd3 Rg7 48.
Rgg3 Nd7 49. Rg5 Nf8 50. Rgg3 Nd7 51. Qe4 Qc6 52. Qe1 a4 53. Qd2 axb3 54. axb3
Rb8 55. Qg5 Qe4 56. Rf4 Qe2 57. Qe7 Nxe5 58. Qc7 Nxd3 59. Qxb8+ Kh7 60. Rf6
Qe1+ 61. Kh2 Nxf2 62. Rgxg6 fxg6 0-1